<?xml version="1.0" encoding="UTF-8"?>
<record
    xmlns:xsi="http://www.w3.org/2001/XMLSchema-instance"
    xsi:schemaLocation="http://www.loc.gov/MARC21/slim http://www.loc.gov/standards/marcxml/schema/MARC21slim.xsd"
    xmlns="http://www.loc.gov/MARC21/slim">

  <leader>03028nam a2200469Ia 4500</leader>
  <controlfield tag="001">74</controlfield>
  <controlfield tag="008">241029s9999    xx            000 0 und d</controlfield>
  <datafield tag="041" ind1=" " ind2=" ">
    <subfield code="a">Espa&#xF1;ol</subfield>
  </datafield>
  <datafield tag="082" ind1=" " ind2=" ">
    <subfield code="a">MIP-0024</subfield>
  </datafield>
  <datafield tag="245" ind1=" " ind2="0">
    <subfield code="a">Gu&#xED;a de orientaci&#xF3;n para padres de ni&#xF1;os y ni&#xF1;as con barreras en el aprendizaje del Colegio CIES</subfield>
  </datafield>
  <datafield tag="260" ind1=" " ind2=" ">
    <subfield code="a">Distrito Nacional</subfield>
  </datafield>
  <datafield tag="300" ind1=" " ind2=" ">
    <subfield code="a">60</subfield>
  </datafield>
  <datafield tag="520" ind1=" " ind2=" ">
    <subfield code="a">12</subfield>
  </datafield>
  <datafield tag="650" ind1=" " ind2=" ">
    <subfield code="a">Necesidades Educativas Especiales</subfield>
  </datafield>
  <datafield tag="690" ind1=" " ind2=" ">
    <subfield code="a">Elaborado</subfield>
  </datafield>
  <datafield tag="901" ind1=" " ind2=" ">
    <subfield code="a">{"1":"Tello","2":"Mercedes"}</subfield>
    <subfield code="b">{"1":"J&#xE9;sica","2":"Nilia"}</subfield>
  </datafield>
  <datafield tag="902" ind1=" " ind2=" ">
    <subfield code="a">3</subfield>
  </datafield>
  <datafield tag="903" ind1=" " ind2=" ">
    <subfield code="a">{"1":"Guzm&#xE1;n","2":"Figueroa","3":"Montes de Oca"}</subfield>
    <subfield code="b">{"1":"Teresa","2":"Vladimir","3":"Ginia"}</subfield>
  </datafield>
  <datafield tag="904" ind1=" " ind2=" ">
    <subfield code="a">Maestr&#xED;a en</subfield>
  </datafield>
  <datafield tag="905" ind1=" " ind2=" ">
    <subfield code="a">Intervenci&#xF3;n Psicopedag&#xF3;gica</subfield>
  </datafield>
  <datafield tag="906" ind1=" " ind2=" ">
    <subfield code="a">2</subfield>
  </datafield>
  <datafield tag="907" ind1=" " ind2=" ">
    <subfield code="a">NO APLICA</subfield>
  </datafield>
  <datafield tag="908" ind1=" " ind2=" ">
    <subfield code="a">NO APLICA</subfield>
  </datafield>
  <datafield tag="909" ind1=" " ind2=" ">
    <subfield code="a">Universidad Iberoamericana (UNIBE)</subfield>
  </datafield>
  <datafield tag="910" ind1=" " ind2=" ">
    <subfield code="a">NULL</subfield>
    <subfield code="b">NULL</subfield>
  </datafield>
  <datafield tag="911" ind1=" " ind2=" ">
    <subfield code="a">["1"]</subfield>
  </datafield>
  <datafield tag="912" ind1=" " ind2=" ">
    <subfield code="a">NO APLICA</subfield>
  </datafield>
  <datafield tag="913" ind1=" " ind2=" ">
    <subfield code="a">NULL</subfield>
  </datafield>
  <datafield tag="914" ind1=" " ind2=" ">
    <subfield code="a">01 de Agosto de 2012</subfield>
  </datafield>
  <datafield tag="915" ind1=" " ind2=" ">
    <subfield code="a">18/07/15 06:07</subfield>
  </datafield>
  <datafield tag="916" ind1=" " ind2=" ">
    <subfield code="a">NULL</subfield>
  </datafield>
  <datafield tag="917" ind1=" " ind2=" ">
    <subfield code="a">NULL</subfield>
  </datafield>
  <datafield tag="918" ind1=" " ind2=" ">
    <subfield code="a">Educaci&#xF3;n especial</subfield>
  </datafield>
  <datafield tag="919" ind1=" " ind2=" ">
    <subfield code="a">["20","76","89","93","123"]</subfield>
  </datafield>
  <datafield tag="520" ind1=" " ind2=" ">
    <subfield code="a">El prop&#xF3;sito principal de este estudio consisti&#xF3; en dise&#xF1;ar una gu&#xED;a para los futuros padres y madres que inscriban a sus hijos en el CIES, con el fin de contar con una orientaci&#xF3;n escrita para optimizar el desarrollo de sus hijos/as, tanto dentro como fuera del entorno escolar; adem&#xE1;s, determinar las barreras en el aprendizaje de ni&#xF1;os/as con estas dificultades. &amp;nbsp;El m&#xE9;todo empleado present&#xF3; un enfoque descriptivo, con un dise&#xF1;o mixto, &amp;nbsp;se utilizaron t&#xE9;cnicas de recolecci&#xF3;n de datos cualitativos y cuantitativos, como instrumentos se emplearon dos cuestionarios y una entrevista. &amp;nbsp;La muestra objeto de este estudio estuvo compuesta por 23 madres, 1 padre y 13 maestros/as, para un total de 37 personas del Colegio CIES.Entre los principales resultados del estudio, se evidenci&#xF3;, que las barreras m&#xE1;s comunes son: Trastorno Autista, Trastorno de Asperger, Trastorno por D&#xE9;ficit de Atenci&#xF3;n, y Trastorno por D&#xE9;ficit Combinado (D&#xE9;ficit de Atenci&#xF3;n con Hiperactividad). &amp;nbsp;Se enfatiza en la importancia del rol parental en la educaci&#xF3;n de calidad de los hijos/as, siendo los padres, que aparte de la escuela, les ofrece el mayor soporte, moral y educacional.El estudio recomienda a los padres, formar la base para una disciplina adecuada con sus hijos/as, ya que el papel de los padres resulta imprescindible en el avance de ni&#xF1;os/as con S&#xED;ndrome de Asperger. &amp;nbsp;Establecer limites y reglas claras, es importante que haya unidad entre la informaci&#xF3;n dada por mam&#xE1; y pap&#xE1;, es decir, un conjunto claro de reglas, tanto dentro como fuera del entorno familiar. &amp;nbsp;Establecer rutinas desde la hora de levantarse hasta la hora de dormir, inculcar en sus hijos/as un modelo alternativo de actuaci&#xF3;n positiva.</subfield>
  </datafield>
  <datafield tag="921" ind1=" " ind2=" ">
    <subfield code="a">16</subfield>
  </datafield>
  <datafield tag="922" ind1=" " ind2=" ">
    <subfield code="a">16</subfield>
  </datafield>
  <datafield tag="923" ind1=" " ind2=" ">
    <subfield code="a">0</subfield>
  </datafield>
  <datafield tag="924" ind1=" " ind2=" ">
    <subfield code="a">NO APLICA</subfield>
  </datafield>
  <datafield tag="942" ind1=" " ind2=" ">
    <subfield code="c">Proyecto de Intervenci&#xF3;n</subfield>
  </datafield>
  <datafield tag="999" ind1=" " ind2=" ">
    <subfield code="c">63</subfield>
    <subfield code="d">63</subfield>
  </datafield>
</record>
